Записки Волинського сiльсько-господарчого технiкуму в Новiй Чарторiï (Запись № 3759870)

Подробности
000 -МАРКЕР
контрольное поле 01558nas1a22002891i 4500
001 - ИДЕНТИФИКАТОР ЗАПИСИ
контрольное поле RU\NLR\INFOCOMM10\1000134696
005 - ИДЕНТИФИКАТОР ВЕРСИИ
контрольное поле 20240726084011.0
035 ## - ДРУГИЕ СИСТЕМНЫЕ НОМЕРА
Идентификатор записи (NLR Aleph) 002637878
100 ## - ДАННЫЕ ОБЩЕЙ ОБРАБОТКИ
Данные общей обработки 20040116c1928 |||y0rusy50 ca
101 0# - ЯЗЫК РЕСУРСА
Язык текста, звукозаписи и т.д. русский
-- украинский
102 ## - СТРАНА ПУБЛИКАЦИИ ИЛИ ПРОИЗВОДСТВА
Страна публикации Российская Федерация
110 ## - ПОЛЕ КОДИРОВАННЫХ ДАННЫХ: ПРОДОЛЖАЮЩИЕСЯ РЕСУРСЫ
Кодированные данные продолжающегося ресурса zyu||||0|y0
200 1# - ЗАГЛАВИЕ И СВЕДЕНИЯ ОБ ОТВЕТСТВЕННОСТИ
Основное заглавие Записки Волинського сiльсько-господарчого технiкуму в Новiй Чарторiï
Первые сведения об ответственности НКО
207 #1 - ОБЛАСТЬ СПЕЦИФИЧЕСКИХ СВЕДЕНИЙ: НУМЕРАЦИЯ ПРОДОЛЖАЮЩИХСЯ РЕСУРСОВ
Нумерация: даты и обозначения томов Т.1
210 ## - ПУБЛИКАЦИЯ, РАСПРОСТРАНЕНИЕ И ДР.
Место издания, распространения и т.д. Нова Чарторiя
Имя издателя, распространителя и т. д. Бердичiвськ. окр.
Дата издания, распространения и т.д. 1928
300 ## - ОБЩИЕ ПРИМЕЧАНИЯ
Текст примечания Текст на укр. и рус. яз.
311 ## - ПРИМЕЧАНИЯ, ОТНОСЯЩИЕСЯ К ПОЛЯМ СВЯЗИ (ПРИМЕЧАНИЯ О СВЯЗИ С ДРУГИМИ ПРОИЗВЕДЕНИЯМИ (ИЗДАНИЯМИ))
Текст примечания В 1930 г. влился в изд.: "Записки Волинського землеустрiйного технiкуму iмени X раковин Жовтневоï революцiï в м. Житомирi" (Ш.П14/335)
444 #1 - ПОГЛОТИВШИЙ
Встроенное поле 2001#$aЗаписки Волинського землеустрiйного технiкуму iмени X раковин Жовтневоï революцiï в м. Житомирi
-- 852##$aNLR$jП14/335
Заглавие Записки Волинського землеустрiйного технiкуму iмени X раковин Жовтневоï революцiï в м. Житомирi
710 02 - НАИМЕНОВАНИЕ ОРГАНИЗАЦИИ - ПЕРВИЧНАЯ ОТВЕТСТВЕННОСТЬ
Начальный элемент ввода Волинський сiльско-господарський технiкум
Идентифицирующий признак Нова Чарторiя
Код отношения Автор
801 #1 - ИСТОЧНИК ЗАПИСИ
Страна Российская Федерация
Организация InfoComm
Дата составления 20040116
801 #0 - ИСТОЧНИК ЗАПИСИ
Страна Российская Федерация
Организация NLR
Правила каталогизации PSBO
852 ## - МЕСТОНАХОЖДЕНИЕ И ШИФР ХРАНЕНИЯ
Идентификатор организации NLR
Шифр хранения (Call Number) П14/555
942 ## - ДОПОЛНИТЕЛЬНЫЕ ЭЛЕМЕНТЫ ЗАПИСИ (АБИС)
Тип экземпляра АБИС Продолжающееся издание
980 ## - КОЛЛЕКЦИЯ
Название коллекции Русская периодика

Нет доступных экземпляров.